Los salmos traducidos en verso castellano, y aclarados con notas, que sirven de paráfrasis y explican su sentido literal

Gorde:
Xehetasun bibliografikoak
Egile nagusia: Sánchez, Angel (Egilea)
Formatua: Liburua
Hizkuntza:gaztelania
Argitaratua: Madrid Plácido Barco López 1789
Edizioa:1a. ed
Gaiak:
Etiketak: Etiketa erantsi
Etiketarik gabe, Izan zaitez lehena erregistro honi etiketa jartzen!

MARC

LEADER 00000cam a2200000 a 4500
001 UCD2480
003 CL-VaPUC
008 160428e17890000sp |||||||||||||||||spa|d
082 0 4 |a 223.2  |b SAN  |2 21 
100 0 |a Sánchez, Angel  |e author  |9 585828 
245 1 4 |a Los salmos traducidos en verso castellano, y aclarados con notas, que sirven de paráfrasis y explican su sentido literal 
250 |a 1a. ed 
300 |a pág. irreg 
942 |c BK 
945 |d 20160428 21:50:00  |a dcastane 
260 |a Madrid  |b Plácido Barco López  |c 1789 
650 0 |a Salmos   |9 319607 
583 |a last modification  |c 20160428 21:50:00  |k Rodrigo Vera 
999 |c 363642  |d 363640 
952 |0 0  |1 0  |3 erd  |4 0  |6 223_200000000000000_SAN_1789  |7 0  |8 X  |9 476257  |a BIBTEO  |b BIBTEO  |c TEO_FFR  |i 5228646  |l 2  |o 223.2 SAN 1789  |p 5228646  |r 2025-04-01  |s 2025-04-01  |w 2019-11-24  |y BK_X  |z Catalogado en:20160428  |k OFM